Suomen pitkäaikaisimmat ministerit - Statistics

Yleistilastot
  • Tätä visaa on pelattu 444 kertaa
    282 viimeisimmän päivityksen jälkeen
  • Keskiarvotulos 12 / 30
Vastaustilastot
Ministeripäiviä Ministeri Puolue % Oikein
3640 Urho Kekkonen Maalaisliitto
86%
5997 Paavo Väyrynen Keskusta
82%
2977 Matti Vanhanen Keskusta
78%
2927 Paavo Lipponen SDP
77%
4793 Kalevi Sorsa SDP
74%
6169 Johannes Virolainen Keskusta
69%
2927 Sauli Niinistö Kokoomus
69%
3287 Pekka Haavisto Vihreät
60%
3002 Alexander Stubb Kokoomus
58%
3238 Tarja Halonen SDP
58%
5772 Ahti Karjalainen Keskusta
56%
4365 Erkki Tuomioja SDP
52%
3160 Anna-Maja Henriksson RKP
48%
3258 Ilkka Kanerva Kokoomus
45%
4438 Mauri Pekkarinen Keskusta
39%
3474 Karl-August Fagerholm SDP
38%
4316 Martti Miettunen Keskusta
27%
4037 Christoffer Taxell RKP
25%
4382 Jan-Erik Enestam RKP
25%
3557 Paula Risikko Kokoomus
22%
4369 Ole Norrback RKP
18%
2906 Pertti Salolainen Kokoomus
16%
4246 Ralf Törngren RKP
16%
3817 Sinikka Mönkäre SDP
12%
2928 Antti Kalliomäki SDP
8%
2996 Anu Vehviläinen Keskusta
7%
3057 Aarre Simonen SDP, TPSL
6%
3929 Juho Niukkanen Maalaisliitto
5%
2934 Kauno Kleemola Maalaisliitto
4%
2913 Matti Puhakka SDP
2%
Ehtoja vastaavia visoja ei löytynyt
Tulosjakauma
Jokaisen tuloksen saaneiden osuus
Persentiili vastausten määrän mukaan
Tuloshistoriasi
Et ole pelannut tätä visaa sen viimeisimmän päivityksen jälkeen